• 首页
  • 本馆介绍
  • 公告通知
  • 最新文献
  • 馆藏检索
  • 电子资源
  • 读者导购
  • 参考咨询
  • 我的图书馆
  • 登录
  • 详细信息显示
  • 放入我的书架
  • 预约/预借图书
  • 作者相关作品
  • 分类相关作品
  • 丛书相关作品
  • 出版社相关作品

书目信息

  • 表格格式
  • 工作单格式
  • 卡片格式
题名:
改变世界的伟大发明家
    
 
作者: 丁云 , 苏焕宁 , 金晓 编著
分册:  
出版信息: 青岛   青岛出版社  2017
页数: 220页
开本: 23cm
丛书名: 小故事大智慧丛书
单 册:
中图分类: K816.1
科图分类:
主题词: 发明家--生平事迹--世界
电子资源:
ISBN: 978-7-5552-4980-1
000 00979oam2 2200277 450
001 012001005092
005 20141007142610.0
010    @a978-7-5552-4980-1@dCNY29.80
100    @a20170328d2017 em y0chiy50 ea
101 0  @achi
102    @aCN@b370000
105    @aa z 000yd
106    @ar
200 1  @a改变世界的伟大发明家@9gai bian shi jie de wei da fa ming jia@f丁云,苏焕宁,金晓编著
210    @a青岛@c青岛出版社@d2017
215    @a220页@c图,照片@d23cm
225 1  @a小故事大智慧丛书
330    @a本书讲述了中外伟大发明家的奋斗历程,简述了他们的生平事迹以及卓越贡献,珍贵的资料与精美的插图可以让读者徜徉在这些故事之中,切实感受到他们思想的深邃、行动的果敢以及对科学的热爱。
461  0 @12001 @a小故事大智慧丛书
606 0  @a发明家@x生平事迹@y世界
690    @aK816.1@v5
701  0 @a丁云@9ding yun@4编著
701  0 @a苏焕宁@9su huan ning@4编著
701  0 @a金晓@9jin xiao@4编著
801  0 @aCN@b上海新华@c20180901
905    @b1172584-8@dK816.1@e171@f5
    
    改变世界的伟大发明家/丁云,苏焕宁,金晓编著.-青岛:青岛出版社,2017
    220页:图,照片;23cm.-(小故事大智慧丛书)
    
    
    ISBN 978-7-5552-4980-1:CNY29.80
    本书讲述了中外伟大发明家的奋斗历程,简述了他们的生平事迹以及卓越贡献,珍贵的资料与精美的插图可以让读者徜徉在这些故事之中,切实感受到他们思想的深邃、行动的果敢以及对科学的热爱。
●
相关链接 在E读中查询图书 在五车中查询图书 在当当中查询图书 在豆瓣中查询图书


正题名:改变世界的伟大发明家     索取号:K816.1/171         预约/预借

序号 登录号 条形码 馆藏地/架位号 状态 备注
1 1172584   211725846   第二样本阅览室/ [索取号:K816.1/171] 在馆    
2 1172585   211725855   密集书库-史法系/ [索取号:K816.1/171] 在馆    
3 1172586   211725864   第二借阅区/ [索取号:K816.1/171] 在馆    
4 1172587   211725873   第二借阅区/ [索取号:K816.1/171] 在馆    
5 1172588   211725882   第二借阅区/ [索取号:K816.1/171] 在馆    
唐山师范学院图书馆 欢迎您!
大连网信软件有限公司© 版权所有